[Event "Gorodets op"]
[Site "Gorodets"]
[Date "2014.08.10"]
[Round "8"]
[White "Shilin, Vladimir"]
[Black "Krylov, Vadim"]
[Result "0-1"]
[WhiteElo "2030"]
[BlackElo "1980"]
[PlyCount "92"]
[EventDate "2014.08.06"]
[EventType "swiss"]
[EventRounds "9"]
[EventCountry "RUS"]
[SourceTitle "EXT 2016"]
[Source "ChessBase"]
[SourceDate "2015.10.08"]
[SourceVersion "1"]
[SourceVersionDate "2015.10.08"]
[SourceQuality "1"]

1. e4 c5 2. Nf3 Nc6 3. d4 cxd4 4. Nxd4 g6 5. c4 Bg7 6. Be3 Nf6 7. Nc3 Ng4 8. Qxg4 Nxd4 9. g3 Nc2+ 10. Kd2 Nxa1 11. Qd1 Qa5 12. Qxa1 d6 13. a3 Be6 14. b4 Qe5 15. f4 Qxe4 16. Nxe4 Bxa1 17. Ng5 Bf5 18. Be2 Bf6 19. g4 Bd7 20. h4 h6 21. Ne4 Bg7 22. Nc3 Rc8 23. Rc1 b6 24. Rc2 h5 25. g5 0-0 26. Nd5 Rfe8 27. b5 e6 28. Nb4 Bf8 29. Rb2 d5 30. cxd5 Bxb4+ 31. Rxb4 exd5 32. Bd3 Rc7 33. Bd4 Bf5 34. Bxf5 gxf5 35. Be5 Rc4 36. Rxc4 dxc4 37. Kc3 Rc8 38. Bd4 Kf8 39. a4 Ke7 40. a5 bxa5 41. Bxa7 Kd6 42. Bd4 Kd5 43. b6 Rb8 44. Bf2 Re8 45. Bd4 Kc6 46. Kxc4 Re4 0-1

[Event "Kineshma"]
[Site "Kineshma"]
[Date "2010.08.07"]
[Round "10.5"]
[White "Krylov, Vadim"]
[Black "Malinicheva, Lidia"]
[Result "0-1"]
[WhiteElo "1952"]
[BlackElo "1985"]
[PlyCount "126"]
[EventDate "2010.08.01"]
[EventType "tourn"]
[EventRounds "11"]
[EventCountry "RUS"]
[SourceTitle "EXT 2022"]
[Source "ChessBase"]
[SourceDate "2021.10.06"]
[SourceVersion "1"]
[SourceVersionDate "2021.10.06"]
[SourceQuality "1"]

1. d4 Nf6 2. Nf3 g6 3. c4 Bg7 4. Nc3 d6 5. e4 0-0 6. Bg5 h6 7. Bf4 Nh5 8. Be3 Nc6 9. Qd2 Kh7 10. Nd5 e5 11. 0-0-0 Bg4 12. dxe5 Nxe5 13. Be2 Bxf3 14. gxf3 Nf6 15. Kb1 a5 16. c5 Ne8 17. Rc1 dxc5 18. Rxc5 c6 19. Nf4 Qxd2 20. Bxd2 b6 21. Rcc1 Nd6 22. b3 Rfc8 23. a4 Kg8 24. Rc2 Kf8 25. Rhc1 Ke8 26. Nd3 Nxd3 27. Bxd3 Kd7 28. f4 Bd4 29. e5 Nb7 30. Bc3 Bxc3 31. Rxc3 Nc5 32. f5 g5 33. Bc4 Ke8 34. Rh3 Ne4 35. Rxh6 Nd2+ 36. Kb2 Rab8 37. Rh8+ Kd7 38. Rxc8 Nxc4+ 39. Rxc4 Rxc8 40. Rg4 Rh8 41. Rxg5 Rxh2 42. e6+ fxe6 43. fxe6+ Kxe6 44. Rg6+ Kd5 45. Rf6 b5 46. Kc3 Rh3+ 47. f3 b4+ 48. Kd3 Rh5 49. Rf8 Kc5 50. Ke4 Rh4+ 51. f4 Rh3 52. f5 Rxb3 53. f6 Rb1 54. f7 Rf1 55. Kd3 b3 56. Kc3 Rf3+ 57. Kb2 Kc4 58. Rb8 Rf2+ 59. Kc1 Rxf7 60. Rh8 Kb4 61. Rh4+ Ka3 62. Rh1 c5 63. Kb1 c4 0-1

[Event "Kineshma"]
[Site "Kineshma"]
[Date "2010.08.05"]
[Round "7.1"]
[White "Krylov, Vadim"]
[Black "Rygin, Ivan"]
[Result "1-0"]
[WhiteElo "1952"]
[BlackElo "1761"]
[PlyCount "123"]
[EventDate "2010.08.01"]
[EventType "tourn"]
[EventRounds "11"]
[EventCountry "RUS"]
[SourceTitle "EXT 2022"]
[Source "ChessBase"]
[SourceDate "2021.10.06"]
[SourceVersion "1"]
[SourceVersionDate "2021.10.06"]
[SourceQuality "1"]

1. d4 e6 2. Nf3 Nf6 3. g3 c5 4. Bg2 cxd4 5. Nxd4 d5 6. 0-0 Bc5 7. Nb3 Bd6 8. N1d2 Qc7 9. e4 Bd7 10. exd5 Nxd5 11. c4 Nf6 12. c5 Be7 13. Nc4 Bc6 14. Nd6+ Bxd6 15. cxd6 Qd8 16. Qd3 Bxg2 17. Kxg2 0-0 18. Bg5 Nbd7 19. Rac1 Rc8 20. Rxc8 Qxc8 21. Rc1 Qb8 22. Nc5 h6 23. Nxd7 Nxd7 24. Be7 Rc8 25. Rc3 Rxc3 26. Qxc3 Nb6 27. b3 Qe8 28. Kf3 Qc6+ 29. Qxc6 bxc6 30. Ke4 f6 31. Kd4 Nd7 32. a4 Kf7 33. f4 e5+ 34. fxe5 fxe5+ 35. Kc4 Ke6 36. b4 g6 37. b5 cxb5+ 38. axb5 Nb6+ 39. Kc5 h5 40. Bg5 Nc8 41. Kc6 Nxd6 42. Be3 Nc8 43. Kc7 Nb6 44. Kb7 Nd5 45. Bxa7 e4 46. Bf2 e3 47. Be1 Ke5 48. Kc6 Ke4 49. b6 Nxb6 50. Kxb6 Kf3 51. Kc5 Ke2 52. Ba5 Kf2 53. Kd4 e2 54. Ke4 Kg2 55. Ke3 Kxh2 56. Be1 g5 57. Kxe2 Kh3 58. Kf3 h4 59. g4 Kh2 60. Bd2 h3 61. Bxg5 Kg1 62. Bf4 1-0

[Event "Kineshma"]
[Site "Kineshma"]
[Date "2010.08.04"]
[Round "5.2"]
[White "Krylov, Vadim"]
[Black "Lebedenko, Olga"]
[Result "1/2-1/2"]
[WhiteElo "1952"]
[BlackElo "1969"]
[PlyCount "104"]
[EventDate "2010.08.01"]
[EventType "tourn"]
[EventRounds "11"]
[EventCountry "RUS"]
[SourceTitle "EXT 2022"]
[Source "ChessBase"]
[SourceDate "2021.10.06"]
[SourceVersion "1"]
[SourceVersionDate "2021.10.06"]
[SourceQuality "1"]

1. d4 d5 2. c4 e6 3. Nf3 Nf6 4. e3 c5 5. Nc3 Nc6 6. Be2 Bd6 7. Nb5 Be7 8. dxc5 Bxc5 9. 0-0 0-0 10. a3 dxc4 11. Bxc4 a6 12. Nbd4 Bd7 13. b4 Ba7 14. Bb2 Qe7 15. Qe2 Rac8 16. Rac1 Nxd4 17. Nxd4 e5 18. Nf3 Bb8 19. b5 e4 20. Bxf6 Qxf6 21. Nd4 Qe5 22. f4 exf3 23. Nxf3 Qe7 24. bxa6 bxa6 25. Bxa6 Rxc1 26. Rxc1 Qxa3 27. Rd1 Bc6 28. Bc4 Ba7 29. Nd4 Ba4 30. Rf1 Qc3 31. Qd3 Qxd3 32. Bxd3 Bd7 33. Bc4 Bg4 34. Kf2 Bh5 35. Nc6 Bb8 36. Rb1 Bd6 37. Bd5 Bg6 38. Rc1 Re8 39. h3 Be4 40. Bxe4 Rxe4 41. Rd1 Bf8 42. Kf3 Re8 43. g4 f6 44. h4 Kf7 45. Kf4 Kg6 46. Rd7 h5 47. gxh5+ Kxh5 48. Nd4 Kg6 49. Nf5 Ra8 50. h5+ Kxh5 51. Nxg7+ Kg6 52. Nf5 Ra1 1/2-1/2

[Event "Kineshma"]
[Site "Kineshma"]
[Date "2010.08.03"]
[Round "4.5"]
[White "Kruglov, Evgeny"]
[Black "Krylov, Vadim"]
[Result "0-1"]
[WhiteElo "1810"]
[BlackElo "1952"]
[PlyCount "88"]
[EventDate "2010.08.01"]
[EventType "tourn"]
[EventRounds "11"]
[EventCountry "RUS"]
[SourceTitle "EXT 2022"]
[Source "ChessBase"]
[SourceDate "2021.10.06"]
[SourceVersion "1"]
[SourceVersionDate "2021.10.06"]
[SourceQuality "1"]

1. e4 c5 2. Nf3 Nc6 3. c3 d5 4. e5 Bg4 5. Bb5 a5 6. Bxc6+ bxc6 7. d4 e6 8. h3 Bxf3 9. Qxf3 h5 10. h4 cxd4 11. cxd4 c5 12. Qd1 cxd4 13. Qxd4 Nh6 14. Qa4+ Qd7 15. Qxd7+ Kxd7 16. Bxh6 Rxh6 17. 0-0 Be7 18. g3 g5 19. hxg5 Bxg5 20. f4 Be7 21. Rf3 Rb8 22. b3 Bc5+ 23. Kg2 h4 24. Nd2 hxg3 25. Rxg3 Rbh8 26. Nf3 Rh5 27. Rc1 Be3 28. Rc2 Bxf4 29. Rg7 Rf5 30. Rc5 Rf8 31. Rxa5 Bxe5 32. Nxe5+ Rxe5 33. Ra6 d4 34. Rg4 Rd5 35. Kf2 e5 36. Ke2 Rd6 37. Ra5 Ke6 38. Kd3 Rc8 39. Rh4 Rc3+ 40. Kd2 Rf3 41. Rh8 f5 42. b4 Rf2+ 43. Kd3 Rc6 44. b5 Rc3# 0-1

[Event "Kineshma"]
[Site "Kineshma"]
[Date "2010.08.02"]
[Round "2.4"]
[White "Berberyan, Mishik"]
[Black "Krylov, Vadim"]
[Result "0-1"]
[WhiteElo "2008"]
[BlackElo "1952"]
[PlyCount "102"]
[EventDate "2010.08.01"]
[EventType "tourn"]
[EventRounds "11"]
[EventCountry "RUS"]
[SourceTitle "EXT 2022"]
[Source "ChessBase"]
[SourceDate "2021.10.06"]
[SourceVersion "1"]
[SourceVersionDate "2021.10.06"]
[SourceQuality "1"]

1. e4 c5 2. c3 d5 3. e5 Nc6 4. d4 e6 5. f4 h5 6. Be3 Qb6 7. b3 Bd7 8. Nf3 Be7 9. Bd3 Nh6 10. h3 Nf5 11. Bxf5 exf5 12. dxc5 Bxc5 13. Bxc5 Qxc5 14. Nd4 0-0-0 15. Qd3 Kb8 16. Nd2 Nxd4 17. Qxd4 Rc8 18. Qxc5 Rxc5 19. Rc1 Rhc8 20. Nb1 b5 21. Kd2 Kb7 22. Kd3 Kb6 23. Nd2 a5 24. a3 b4 25. axb4 axb4 26. c4 Be6 27. Rc2 Rd8 28. Ke3 dxc4 29. Nxc4+ Bxc4 30. bxc4 Ra5 31. Rb1 Kc5 32. Rb3 Ra3 33. Rxa3 bxa3 34. Ra2 Kb4 35. Ra1 Kb3 36. Rb1+ Kxc4 37. Rb7 Ra8 38. Rxf7 a2 39. Rc7+ Kb4 40. Rc1 a1Q 41. Rxa1 Rxa1 42. Kd4 Rd1+ 43. Ke3 Kc5 44. Ke2 Rg1 45. Kf2 Ra1 46. Kg3 Ra2 47. Kh4 Rxg2 48. Kxh5 Kd5 49. h4 g6+ 50. Kh6 Rg4 51. Kg7 Ke6 0-1

[Event "Kimry op 52nd"]
[Site "Kimry"]
[Date "2010.06.13"]
[Round "7"]
[White "Prizant, Jaroslav"]
[Black "Krylov, Vadim"]
[Result "1-0"]
[WhiteElo "2480"]
[BlackElo "1923"]
[PlyCount "51"]
[EventDate "2010.06.10"]
[EventType "swiss"]
[EventRounds "7"]
[EventCountry "RUS"]
[SourceTitle "CBM 136 Extra"]
[Source "ChessBase"]
[SourceDate "2010.07.02"]
[SourceVersion "2"]
[SourceVersionDate "2010.07.15"]
[SourceQuality "1"]

1. d4 Nf6 2. c4 g6 3. Nc3 d5 4. Nf3 Bg7 5. cxd5 Nxd5 6. e4 Nxc3 7. bxc3 c5 8. Be3 cxd4 9. cxd4 Nc6 10. Rc1 0-0 11. d5 Na5 12. Be2 a6 13. 0-0 Bg4 14. Bf4 Bxf3 15. Bxf3 Rc8 16. Qa4 Rxc1 17. Rxc1 b5 18. Qa3 Nc4 19. Qxa6 Qd7 20. Be2 f5 21. Bxc4 bxc4 22. Qxc4 fxe4 23. d6+ Kh8 24. Qc7 Qxc7 25. dxc7 Rc8 26. Rd1 1-0

[Event "Kimry op 52nd"]
[Site "Kimry"]
[Date "2010.06.12"]
[Round "5"]
[White "Krylov, Vadim"]
[Black "Jarulin, Rufat"]
[Result "1-0"]
[WhiteElo "1923"]
[BlackElo "2063"]
[PlyCount "127"]
[EventDate "2010.06.10"]
[EventType "swiss"]
[EventRounds "7"]
[EventCountry "RUS"]
[SourceTitle "CBM 136 Extra"]
[Source "ChessBase"]
[SourceDate "2010.07.02"]
[SourceVersion "2"]
[SourceVersionDate "2010.07.15"]
[SourceQuality "1"]

1. d4 Nf6 2. c4 d6 3. Nc3 g6 4. e4 Bg7 5. f3 0-0 6. Be3 e5 7. Nge2 a5 8. Qd2 Be6 9. Nd5 c6 10. Nxf6+ Bxf6 11. Nc3 Bg7 12. d5 cxd5 13. cxd5 Bd7 14. Bd3 Na6 15. Bxa6 Rxa6 16. a4 f5 17. exf5 gxf5 18. Bg5 Qe8 19. Bh6 Qg6 20. Bxg7 Kxg7 21. h4 h5 22. 0-0-0 Qh6 23. f4 Rc8 24. Kb1 Rc4 25. fxe5 Qxd2 26. Rxd2 dxe5 27. d6 Rd4 28. Rxd4 exd4 29. Nb5 Bxb5 30. axb5 Rxd6 31. Rc1 Kf6 32. Rc7 b6 33. Kc2 d3+ 34. Kd2 Ke5 35. Rh7 Ke4 36. Rxh5 Rg6 37. Rg5 Rh6 38. g3 f4 39. Rg4 Kf3 40. Rxf4+ Kxg3 41. Rd4 Rh5 42. Kxd3 Rxb5 43. Kc3 Kh3 44. b3 Kg3 45. Kb2 Kh3 46. Ka3 Kg3 47. Ka4 Rc5 48. Rd6 Kxh4 49. Rxb6 Rc1 50. Kxa5 Ra1+ 51. Kb5 Kg4 52. Rf6 Kg5 53. Rf8 Kg6 54. b4 Kg7 55. Rf4 Rc1 56. Kb6 Kg6 57. b5 Rb1 58. Kc6 Rc1+ 59. Kb7 Rb1 60. b6 Rc1 61. Ka7 Ra1+ 62. Kb8 Rb1 63. b7 Kg7 64. Ra4 1-0

[Event "Kimry op 52nd"]
[Site "Kimry"]
[Date "2010.06.12"]
[Round "6"]
[White "Krylov, Vadim"]
[Black "Kudrin, Vladimir1"]
[Result "1-0"]
[WhiteElo "1923"]
[BlackElo "1928"]
[PlyCount "103"]
[EventDate "2010.06.10"]
[EventType "swiss"]
[EventRounds "7"]
[EventCountry "RUS"]
[SourceTitle "CBM 136 Extra"]
[Source "ChessBase"]
[SourceDate "2010.07.02"]
[SourceVersion "2"]
[SourceVersionDate "2010.07.15"]
[SourceQuality "1"]

1. d4 d5 2. c4 c6 3. Nf3 e6 4. Nc3 Nf6 5. e3 Bb4 6. Bd2 0-0 7. Be2 Nbd7 8. 0-0 Re8 9. Ne5 Nf8 10. Rc1 Bd6 11. f4 N6d7 12. c5 Bc7 13. b4 f6 14. Nd3 e5 15. f5 Re7 16. Be1 Qe8 17. Bh5 g6 18. fxg6 hxg6 19. Bg4 Rg7 20. Rc2 f5 21. Bh3 e4 22. Nf4 Nf6 23. g3 g5 24. Ncxd5 Nxd5 25. Nxd5 cxd5 26. Bf2 Qd8 27. Bxf5 Be6 28. Qg4 Bf7 29. Qd1 Bh5 30. g4 Bg6 31. Bg3 Bxg3 32. hxg3 Re7 33. b5 Qc7 34. Kg2 Rd8 35. c6 b6 36. Rcf2 Rf7 37. Qb3 Rd6 38. Rh1 Rdf6 39. Qxd5 Bxf5 40. Rxf5 Rxf5 41. gxf5 Qe7 42. Rc1 Qa3 43. Rf1 Kg7 44. Qe5+ Kg8 45. Qxe4 Qxa2+ 46. Rf2 Qa3 47. f6 Qb3 48. d5 Qxb5 49. d6 Qc5 50. d7 Nxd7 51. cxd7 Rxd7 52. Qe8+ 1-0

[Event "Kimry op 52nd"]
[Site "Kimry"]
[Date "2010.06.11"]
[Round "3"]
[White "Krylov, Vadim"]
[Black "Bylinkina, Anna"]
[Result "1-0"]
[WhiteElo "1923"]
[BlackElo "1750"]
[PlyCount "93"]
[EventDate "2010.06.10"]
[EventType "swiss"]
[EventRounds "7"]
[EventCountry "RUS"]
[SourceTitle "CBM 136 Extra"]
[Source "ChessBase"]
[SourceDate "2010.07.02"]
[SourceVersion "2"]
[SourceVersionDate "2010.07.15"]
[SourceQuality "1"]

1. d4 Nf6 2. c4 e6 3. Nf3 b6 4. g3 Bb7 5. Bg2 Be7 6. 0-0 0-0 7. Nc3 d5 8. Ne5 Nbd7 9. Qa4 c5 10. Nxd7 Qxd7 11. Qxd7 Nxd7 12. dxc5 Nxc5 13. cxd5 exd5 14. Bxd5 Rad8 15. Bxb7 Nxb7 16. Be3 Bf6 17. Rfd1 Nd6 18. Bd4 Bg5 19. h4 Be7 20. Nd5 Rfe8 21. b3 Bf8 22. e3 Rd7 23. Kg2 Red8 24. f3 Nb5 25. e4 Ba3 26. Be5 Kf8 27. Rd3 f6 28. Bf4 Bb2 29. Rb1 Be5 30. Bxe5 fxe5 31. Rc1 Nc7 32. Rcd1 Kf7 33. Kf2 Nxd5 34. Rxd5 Rxd5 35. Rxd5 Rxd5 36. exd5 Ke7 37. Ke3 Kd6 38. Ke4 g6 39. f4 exf4 40. gxf4 h6 41. b4 a5 42. b5 a4 43. a3 Kc5 44. Ke5 Kxb5 45. d6 Kc6 46. Ke6 b5 47. d7 1-0

[Event "Gorodets-ch"]
[Site "Gorodets"]
[Date "2009.01.13"]
[Round "12"]
[White "Tishin, Alexey"]
[Black "Krylov, Vadim"]
[Result "1/2-1/2"]
[WhiteElo "2016"]
[BlackElo "1921"]
[PlyCount "69"]
[EventDate "2009.01.02"]
[EventType "tourn"]
[EventRounds "13"]
[EventCountry "RUS"]
[SourceTitle "EXT 2022"]
[Source "ChessBase"]
[SourceDate "2021.10.06"]
[SourceVersion "1"]
[SourceVersionDate "2021.10.06"]
[SourceQuality "1"]

1. e4 c5 2. Nf3 Nc6 3. Bc4 e6 4. Nc3 Nge7 5. d3 d5 6. exd5 Nxd5 7. Bd2 Be7 8. Ne4 0-0 9. a3 a6 10. a4 Bd7 11. 0-0 Rb8 12. a5 Ndb4 13. Be3 Nxa5 14. Nxc5 Nxc4 15. dxc4 Bc6 16. Nd2 Rc8 17. c3 Nd3 18. Nxd3 Qxd3 19. Qg4 Qg6 20. h3 Rfd8 21. Nf3 Bf6 22. Rfe1 Qxg4 23. hxg4 h6 24. Nd4 Be7 25. Nb3 Be4 26. Nd2 Bg6 27. Nf3 Bf6 28. c5 Bg5 29. Bxg5 hxg5 30. Ne5 Rd2 31. Nxg6 fxg6 32. b4 Kf7 33. Red1 Rd5 34. Rxd5 exd5 35. f3 1/2-1/2

[Event "Gorodets-ch"]
[Site "Gorodets"]
[Date "2009.01.12"]
[Round "11"]
[White "Krylov, Vadim"]
[Black "Kuznetsov, Stanislav"]
[Result "0-1"]
[WhiteElo "1921"]
[BlackElo "2090"]
[PlyCount "100"]
[EventDate "2009.01.02"]
[EventType "tourn"]
[EventRounds "13"]
[EventCountry "RUS"]
[SourceTitle "EXT 2022"]
[Source "ChessBase"]
[SourceDate "2021.10.06"]
[SourceVersion "1"]
[SourceVersionDate "2021.10.06"]
[SourceQuality "1"]

1. d4 Nf6 2. c4 g6 3. Nc3 d5 4. Bf4 Bg7 5. e3 c5 6. cxd5 Qa5 7. Qb3 Ne4 8. Qb5+ Qxb5 9. Nxb5 Na6 10. dxc5 Bd7 11. Rc1 Nexc5 12. Nc7+ Nxc7 13. Rxc5 e5 14. Bg3 Rc8 15. e4 Ke7 16. Nf3 Kd6 17. Rc3 f5 18. Nd2 Bb5 19. f3 Bxf1 20. Rxf1 Nb5 21. Rxc8 Rxc8 22. Nb3 Rc4 23. Nd2 Rc2 24. Kd1 Nd4 25. Nb3 Bh6 26. Nxd4 Rd2+ 27. Ke1 Rxd4 28. Bf2 Ra4 29. Kd1 fxe4 30. fxe4 Rxe4 31. Bxa7 Ra4 32. Bb8+ Kxd5 33. a3 Rd4+ 34. Ke1 Rd2 35. Rf7 Rxb2 36. Rxh7 Be3 37. g4 Ke4 38. h4 Kd3 39. Rd7+ Bd4 40. Kf1 Rf2+ 41. Ke1 Rg2 42. Rf7 Rxg4 43. Rf3+ Ke4 44. Rh3 b5 45. Bd6 Rg1+ 46. Ke2 Rg2+ 47. Kd1 Be3 48. Bxe5 Kd3 49. Rg3 Rxg3 50. Bxg3 Bc5 0-1

[Event "Gorodets-ch"]
[Site "Gorodets"]
[Date "2009.01.03"]
[Round "2"]
[White "Krylov, Dmitry V"]
[Black "Krylov, Vadim"]
[Result "1-0"]
[WhiteElo "1671"]
[BlackElo "1921"]
[PlyCount "31"]
[EventDate "2009.01.02"]
[EventType "tourn"]
[EventRounds "13"]
[EventCountry "RUS"]
[SourceTitle "EXT 2022"]
[Source "ChessBase"]
[SourceDate "2021.10.06"]
[SourceVersion "1"]
[SourceVersionDate "2021.10.06"]
[SourceQuality "1"]

1. e4 e5 2. Nf3 Nc6 3. Nc3 Nf6 4. d4 exd4 5. Nxd4 Bb4 6. Nxc6 bxc6 7. Bd3 d6 8. 0-0 Bg4 9. f3 Bh5 10. Bg5 d5 11. e5 h6 12. exf6 hxg5 13. fxg7 Rg8 14. Re1+ Kd7 15. Bf5+ Kd6 16. Ne4+ 1-0

[Event "Gorodets-ch"]
[Site "Gorodets"]
[Date "2009.01.02"]
[Round "1"]
[White "Krylov, Vadim"]
[Black "Leukhin, Mikhail"]
[Result "0-1"]
[WhiteElo "1921"]
[BlackElo "2004"]
[PlyCount "116"]
[EventDate "2009.01.02"]
[EventType "tourn"]
[EventRounds "13"]
[EventCountry "RUS"]
[SourceTitle "EXT 2022"]
[Source "ChessBase"]
[SourceDate "2021.10.06"]
[SourceVersion "1"]
[SourceVersionDate "2021.10.06"]
[SourceQuality "1"]

1. d4 d5 2. c4 e6 3. Nc3 Bb4 4. e3 Nf6 5. Nf3 0-0 6. Bd3 dxc4 7. Bxc4 c5 8. 0-0 cxd4 9. Nxd4 a6 10. Bd2 b5 11. Be2 Bb7 12. Ne4 Bxd2 13. Nxd2 Qb6 14. Bf3 Nbd7 15. Bxb7 Qxb7 16. Rc1 Rac8 17. Qf3 Qb6 18. Rc6 Qa5 19. N2b3 Qxa2 20. Rxc8 Rxc8 21. Qe2 e5 22. Nc1 Qc4 23. Qxc4 Rxc4 24. Ndb3 Rb4 25. Rd1 Kf8 26. Rd6 a5 27. Nxa5 Rxb2 28. Nab3 Ke7 29. Rd2 Rxd2 30. Nxd2 Nc5 31. f3 e4 32. Kf2 Ke6 33. Ke2 Kd5 34. f4 Na4 35. Na2 Nd7 36. Nb4+ Kc5 37. Na2 f5 38. g4 g6 39. gxf5 gxf5 40. Nb3+ Kc4 41. Nd4 b4 42. Nc1 Ndc5 43. Nxf5 b3 44. Nxb3 Nxb3 45. h4 Nc3+ 46. Kf2 Kd3 47. Kg3 Nd5 48. Nd6 Nxe3 49. f5 Nd5 50. Nxe4 Kxe4 51. Kg4 Nf6+ 52. Kg5 Ke5 53. h5 Nd4 54. Kh6 Nxf5+ 55. Kg5 Ke6 56. Kf4 h6 57. Kf3 Nxh5 58. Kg4 Nhg7 0-1

[Event "Nizhnij Novgorod Voroniatov Memor 5th"]
[Site "Nizhnij Novgorod"]
[Date "2008.06.14"]
[Round "?"]
[White "Krylov, Vadim"]
[Black "Krylov, Dima"]
[Result "0-1"]
[WhiteElo "1988"]
[BlackElo "1824"]
[PlyCount "60"]
[EventDate "2008.06.14"]
[EventType "swiss"]
[EventRounds "9"]
[EventCountry "RUS"]
[SourceTitle "EXT 2022"]
[Source "ChessBase"]
[SourceDate "2021.10.06"]
[SourceVersion "1"]
[SourceVersionDate "2021.10.06"]
[SourceQuality "1"]

1. d4 d5 2. c4 e6 3. Nc3 c5 4. cxd5 cxd4 5. Qa4+ Qd7 6. Qxd4 Nc6 7. Qd1 exd5 8. Qxd5 Bd6 9. Nf3 Nf6 10. Qb3 0-0 11. e3 Qe7 12. Be2 Be6 13. Qd1 Rfd8 14. Bd2 Rac8 15. 0-0 Ne5 16. Nd4 Bc4 17. Bxc4 Nxc4 18. Ncb5 Bc5 19. b4 Bb6 20. a4 a6 21. a5 Bxd4 22. Nxd4 Nd5 23. Rb1 Nxd2 24. Qxd2 Rc4 25. b5 Nc3 26. Rb3 Nxb5 27. Qb2 Nd6 28. Rb1 Qc7 29. Rb6 Rc5 30. g4 Nc4 0-1

[Event "Rybinsk op"]
[Site "Rybinsk"]
[Date "2007.06.29"]
[Round "8"]
[White "Krylov, Vadim"]
[Black "Matveev, Vladimir A"]
[Result "0-1"]
[WhiteElo "1998"]
[BlackElo "2046"]
[PlyCount "116"]
[EventDate "2007.06.25"]
[EventType "swiss"]
[EventRounds "9"]
[EventCountry "RUS"]
[SourceTitle "EXT 2022"]
[Source "ChessBase"]
[SourceDate "2021.10.06"]
[SourceVersion "1"]
[SourceVersionDate "2021.10.06"]
[SourceQuality "1"]

1. d4 Nf6 2. c4 e6 3. Nf3 b6 4. Bf4 Bb7 5. e3 Bb4+ 6. Nfd2 0-0 7. a3 Be7 8. Nc3 c5 9. Nb5 d6 10. dxc5 bxc5 11. Nb3 e5 12. Bg5 Ne4 13. Bxe7 Qxe7 14. Bd3 Rd8 15. Na5 a6 16. Nxb7 Qxb7 17. Qf3 d5 18. cxd5 Nf6 19. Nc7 Qxc7 20. 0-0 Qd6 21. Rad1 Nbd7 22. g4 Re8 23. e4 Nf8 24. g5 N6d7 25. Qe2 Ng6 26. Qg4 Nf4 27. b3 Rab8 28. Bxa6 Rxb3 29. a4 Qg6 30. f3 Qxg5 31. Qxg5 Nh3+ 32. Kg2 Nxg5 33. h4 Rb2+ 34. Kg3 Nxe4+ 35. fxe4 Nf6 36. Rfe1 Rd8 37. Bb5 Rd6 38. Rc1 Nh5+ 39. Kf3 Rf6+ 40. Ke3 Nf4 41. Rg1 Ng2+ 42. Kd3 Nxh4 43. Rxc5 g6 44. Rc6 Rff2 45. Rd1 Ng2 46. d6 Rf3+ 47. Kc4 Ne3+ 48. Kc5 Nxd1 49. d7 Rc3+ 50. Bc4 Rd2 51. Rc8+ Kg7 52. d8Q Rxd8 53. Rxd8 Ne3 54. Kb5 Nxc4 55. Rd5 Rc1 56. a5 Nxa5 57. Kxa5 Kf6 58. Kb4 Re1 0-1

[Event "Rybinsk op"]
[Site "Rybinsk"]
[Date "2007.06.26"]
[Round "2"]
[White "Krylov, Vadim"]
[Black "Varjagin, Alexander"]
[Result "0-1"]
[WhiteElo "1998"]
[BlackElo "2230"]
[PlyCount "92"]
[EventDate "2007.06.25"]
[EventType "swiss"]
[EventRounds "9"]
[EventCountry "RUS"]
[SourceTitle "EXT 2022"]
[Source "ChessBase"]
[SourceDate "2021.10.06"]
[SourceVersion "1"]
[SourceVersionDate "2021.10.06"]
[SourceQuality "1"]

1. d4 f5 2. g3 Nf6 3. Bg2 g6 4. c4 Bg7 5. Nf3 0-0 6. 0-0 d6 7. Nc3 Nc6 8. Bf4 Nh5 9. d5 Ne5 10. Qb3 Nxf4 11. gxf4 Nxf3+ 12. Bxf3 Rb8 13. Rfd1 a6 14. e3 Bd7 15. a4 c5 16. Kf1 b6 17. h4 h5 18. Kg2 Bf6 19. Kh3 Kh7 20. Rg1 Be8 21. Rg2 Qd7 22. Rag1 Bf7 23. Be2 Rg8 24. Qd1 Rg7 25. Bf3 Rbg8 26. Qb3 Rb8 27. a5 Qc7 28. axb6 Qxb6 29. Qxb6 Rxb6 30. Nd1 Rg8 31. e4 fxe4 32. Bxe4 Bxb2 33. f5 gxf5 34. Bxf5+ Kh8 35. Rxg8+ Bxg8 36. Bg6 Rb3+ 37. Rg3 Rxg3+ 38. fxg3 Bd4 39. Bxh5 e6 40. Kg2 exd5 41. cxd5 Bxd5+ 42. Kf1 a5 43. Ke2 a4 44. Kd2 a3 45. Nc3 a2 46. Nxa2 Bxa2 0-1

[Event "Nizhnij Novgorod Voroniatov Memor 4th"]
[Site "Nizhnij Novgorod"]
[Date "2007.06.11"]
[Round "?"]
[White "Krylov, Vadim"]
[Black "Kruchinin, Anatoly V"]
[Result "1-0"]
[WhiteElo "1998"]
[BlackElo "1886"]
[PlyCount "49"]
[EventDate "2007.06.11"]
[EventType "swiss"]
[EventRounds "9"]
[EventCountry "RUS"]
[SourceTitle "EXT 2022"]
[Source "ChessBase"]
[SourceDate "2021.10.06"]
[SourceVersion "1"]
[SourceVersionDate "2021.10.06"]
[SourceQuality "1"]

1. d4 Nf6 2. c4 e5 3. dxe5 Ng4 4. Nf3 Bc5 5. e3 Nc6 6. Nc3 Ngxe5 7. Be2 0-0 8. 0-0 Nxf3+ 9. Bxf3 Ne5 10. Ne4 Nxf3+ 11. Qxf3 Qe7 12. a3 a5 13. Nxc5 Qxc5 14. Qe4 Ra6 15. Bd2 Rg6 16. Qd5 Qxd5 17. cxd5 b6 18. Rfc1 Bb7 19. Rxc7 Bxd5 20. g3 Bc6 21. Bc3 a4 22. Bd4 b5 23. Rc1 h5 24. h4 f5 25. Rc5 1-0